2022 News Stories - Name the Country - Statistics

General Stats
  • This quiz has been taken 36,595 times
  • The average score is 13 of 18
Answer Stats
Clue Country % Correct
Invaded by Russia Ukraine
100%
Violent protests occur after morality police beat a young woman to death for wearing an improper hijab Iran
92%
Hundreds of millions of people are forced to remain at home for weeks at a time as this country maintains its strict "Covid Zero" policy until December China
91%
Hosts the FIFA World Cup Qatar
88%
Wins the FIFA World Cup Argentina
86%
Passes Brazil to become the 6th most populous in the world (hint: Africa) Nigeria
86%
China is angered when U.S. leader Nancy Pelosi visits this island nation Taiwan
85%
Lula da Silva is elected President Brazil
80%
Canada and _____ end their border dispute, agreeing to split Hans Island Denmark
78%
Former Prime Minister Shinzo Abe is assassinated Japan
78%
Has three different Prime Ministers and two different monarchs United Kingdom
78%
Surpasses 100 million in population (hint: Africa) D. R. Congo
65%
Wins 37 medals at the Winter Olympics, the most of any country and adding to its all-time lead Norway
64%
A convoy of truckers travels across the country to protest Covid mandates Canada
62%
Inflation surges to over 80% as the value of the Lira crashes Turkey
55%
158 people are killed by a crowd crush during Halloween street festivities South Korea
50%
President Pedro Castillo is deposed after attempting to dissolve Congress Peru
39%
Over 1,739 people die in flooding due to heavy monsoon rains and melting glaciers Pakistan
37%
No matching quizzes found
Score Distribution
Percent of People with Each Score
Percentile by Number Answered
Your Score History
You have not taken this quiz